000 00457nam a22001817a 4500
003 MPLRDC
005 20220104123922.0
008 210129b ||||| |||| 00| 0 eng d
020 _a962-436-230-0
082 _a297 ZQY-2
100 _a钟启尧
245 _a不可思议战舰隐形实验
_c
250 _a一版一刷
260 _a
_b聚贤馆文化有限公司
_c1994
300 _b
650 _a异象奇闻; 奇迹
942 _cBK
_o297 ZQY-2
999 _c15229
_d15219